000 02383nab a2200325 a 4500
005 20250224093216.0
008 991125c2018 sp qr p o 000 0 spa d
035 _aUPN01000223295
040 _aUPN
_bspa
_cUPN
_eaacr2
049 _aART-E
100 1 _aRehm, Jürgen
_6- jtrehm@gmail.com
100 1 _aGmel, Gerrit
100 1 _aSierra, Cristina
100 1 _aGual, Antoni
245 1 0 _aReducción de la mortalidad mediante una mejor detección de la hipertensión y los problemas con el alcohol en atención primaria de salud en España
_h[recurso electrónico en línea]
506 0 _aAcceso abierto
520 3 _aSe estudian mediante una simulación los potenciales beneficios que puede comportar una mejora en la detección y tratamiento de la hipertensión y de los problemas relacionados con el alcohol. Los resultados muestran que si el 50% de los varones españoles entre 40 y 64 años que desconocen que padecen hipertensión fuesen detectados y recibiesen tratamiento; y si en el 50% de los varones hipertensos se realizase el cribado de consumo alcohólico y recibieran consejo para la reducción de consumos o tratamiento cuando procediera, el porcentaje de hipertensión no controlada descendería del 61,2% al 55,9% (una reducción del 8,6%). Un tercio del efecto es atribuible a la intervención sobre el alcohol. De forma similar, las mismas intervenciones en mujeres de los mismos grupos etarios implicarían una reducción del 7,4% de la hipertensión no controlada (40% debido a la intervención sobre alcohol). La reducción de la presión arterial en la población permitiría evitar 412 muertes prematuras por patología cardiovascular (346 varones y 66 mujeres) anualmente. Una mejor detección de la hipertensión y el cribado de consumos alcohólicos con las consiguientes intervenciones resultarían en una marcada reducción de la hipertensión no controlada y de las muertes de origen cardiovascular
650 4 _aAlcoholismo
_92121
650 0 _98453
_aSalud
653 0 _aHipertensión
653 0 _aHombres
653 0 _aConsumo de alcohol
653 0 _aAtención primaria
653 0 _aIntervención
773 _gVol. 30, no. 1 (2018), p. 9-18
_tAdicciones
_x0214-4840
856 4 _uhttp://www.adicciones.es/index.php/adicciones/article/view/726/811
902 _aGloria Jiménez/0224
905 _aArticulo
942 _cART-E
999 _c195392
_d195392